Top 10 NBA Players Each Position - Statistics

General Stats
  • This quiz has been taken 1,050 times
    975 since last reset
  • The average score is 38 of 50
Answer Stats
Position Team Player % Correct
PG Warriors Stephen Curry
100%
PG Trail Blazers Damian Lillard
98%
PG Mavericks Luka Doncic
98%
PG Suns Chris Paul
92%
SG Suns Devin Booker
92%
PG Grizzlies Ja Morant
92%
PG Nets Kyrie Irving
92%
PG Hawks Trae Young
92%
SG Nets James Harden
91%
SF Lakers LeBron James
91%
SG Wizards Bradley Beal
90%
PG Nuggets Jamal Murray
88%
SG Clippers Paul George
88%
SF Clippers Kawhi Leonard
87%
SG Celtics Jaylen Brown
86%
SF Nets Kevin Durant
86%
SF Heat Jimmy Butler
85%
SG Jazz Donovan Mitchell
84%
PF Bucks Giannis Antetokounmpo
84%
PF Lakers Anthony Davis
83%
SF Bucks Khris Middleton
83%
C Nuggets Nikola Jokic
83%
SG Bulls Zach LaVine
83%
PF Celtics Jayson Tatum
82%
C 76ers Joel Embiid
82%
PG Wizards Russell Westbrook
80%
C Timberwolves Karl-Anthony Towns
79%
C Jazz Rudy Gobert
78%
PF Pelicans Zion Williamson
78%
SG Bucks Jrue Holiday
75%
PG 76ers Ben Simmons
74%
C Heat Bam Adebayo
73%
SF Pelicans Brandon Ingram
73%
SF Spurs DeMar DeRozan
72%
PF Raptors Pascal Siakam
71%
SG Trail Blazers CJ McCollum
69%
C Suns DeAndre Ayton
68%
C Hawks Clint Capela
63%
PF Grizzlies Jaren Jackson Jr.
63%
SF 76ers Tobias Harris
63%
C Cavaliers Jarrett Allen
62%
C Pacers Myles Turner
61%
PF Mavericks Kristaps Porzingis
57%
PF Hawks John Collins
53%
C Magic Nikola Vucevic
52%
PF Pacers Domantas Sabonis
51%
SF Hornets Gordon Hayward
50%
SG Timberwolves D'Angelo Russell
47%
SF Jazz Bojan Bogdanovic
33%
PF Pistons Julius Randle
12%
No matching quizzes found
Score Distribution
Percent of People with Each Score
Percentile by Number Answered
Your Score History
You have not taken this quiz since the last reset